00458nam a2200193 a 4500001001300000003000900013005001700022008004100039020000900080082001800089100001800107245002500125260003100150300000900181500003500190505001000225650001100235700001800246nice12345678IN_TiNIC20260116012023.0050524s1978 boma grp 000 0 urd  ac1000a297.1247bABD aAbdul Wahab,  aNaseehatul Muslimeen aBombaybDarus Salfiac1978 a216p aincludes index and biblioraphy2 aIndex aHadith1 aAbdul Wahab,